000 01050nam a22003617a 4500
001 BR9400009
003 BR-BrBNA
005 20230928093937.0
007 ta
008 230509b bl.||||| |||| 00| 0 por d
040 _aBR-BrBNA
_bpor
_cBiblioteca Nacional de Agricultura
041 _a(Por)
072 _aE21
090 _ E21 BR9400009
110 1 _aComissao Executiva do Plano da Lavoura Cacaueira, Brasilia, DF (Brasil)
245 1 _aProjeto de diversificacao agroindustrial no sudoeste da Bahia e norte do Espirito Santo, com base no pequeno produtor, v. 2: anexo de quadros e memorias
260 3 _aBrasilia, DF (Brasil):
_c1988.
300 _a133 p.
500 _aNumerical data
650 _aDende
650 _aSeringueira
650 _aLaranja
650 _aFruta Citrica
650 _aMandioca
650 _aInhame
650 _aBorracha
650 _aIndustria Agricola
650 _aPequeno Produtor
650 _aBahia
650 _aEspirito Santo
909 _a202309
_bLucia
_c55
_dLucia Elande
942 _cBK
999 _c48042
_d48042